000 01063cam a2200301 i 4500
001 7629
003 BD-RjUL
005 20211208234440.0
008 140115s1975 enka 001 0 eng d
020 _a0521206928
035 _a(BD-RjUL)7673
040 _aDLC
_cDLC
_dBD-RjUL
_beng
041 _aeng
082 0 0 _a519.54
_bAIS 1975
100 1 _aAitchison, J.
_q(John),
_d1926-
_920784
245 1 0 _aStatistical prediction analysis /
_cJ. Aitchison, I. R. Dunsmore.
260 _aCambridge [Eng.] ;
_aNew York :
_bCambridge University Press,
_cc1975.
300 _axi, 273 p. :
_bill. ;
_c24 cm.
504 _aBibliography: p. 259-265.
650 0 _aPrediction theory.
_921058
650 0 _aStatistical tolerance regions.
_923791
700 1 _aDunsmore, I. R.,
_ejoint author.
_923792
856 4 2 _3Publisher description
_uhttp://www.loc.gov/catdir/enhancements/fy0901/74025649-d.html
856 4 1 _3Table of contents only
_uhttp://www.loc.gov/catdir/enhancements/fy0901/74025649-t.html
942 _2ddc
_cBK
999 _c7629
_d7629